| 000 | 01285nam0a22002891 4500 | ||
|---|---|---|---|
| 001 | v19\rc\1499452 | ||
| 005 | 20260407045747.0 | ||
| 035 | _a(NLR Aleph) 004627029 | ||
| 090 |
_a3116503 _c3116503 |
||
| 100 | _a20060620d18821882|||y0rusy50 ca | ||
| 101 | 0 | _arus | |
| 102 | _aRU | ||
| 105 | _ay j ||||| | ||
| 200 | 1 | _aПравила хранения книг и иных учебных пособий, приобретаемых учебными заведениями Московского учебного округа, и выдачи книг из фундаментальных и ученических библиотек | |
| 210 |
_a[Москва _d1882] |
||
| 215 | _a12 с. | ||
| 309 | _aБез тит. л. и обл. | ||
| 311 | _aИз № 4 "Циркуляра по Моск. учеб. окр." 1882 г. | ||
| 488 | 0 |
_12001#$aЦиркуляр по Московскому учебному округу$v1882, № 4 _tЦиркуляр по Московскому учебному округу |
|
| 710 | 0 | 2 |
_aМосковский учебный округ _3RU\NLR\AUTH\8810018669 _9535197 |
| 801 | 0 |
_aRU _bNLR _gpsbo |
|
| 801 | 0 |
_aRU _bRuMoRGB _2psbo |
|
| 801 | 1 |
_aRU _bProSoft-M _2rusmarc |
|
| 852 |
_aNLR _j18.154.3.511 |
||
| 899 | _aГПИБ | ||
| 942 | _cBOOK | ||
| 980 | _aNB | ||